书目信息 |
| 题名: |
舞龙舞狮
|
|
| 作者: | 金开诚, 主编 ;李倩 编著 | |
| 分册: | ||
| 出版信息: | 长春 吉林文史出版社 2018重印 |
|
| 页数: | 120页 | |
| 开本: | 23cm | |
| 丛书名: | 中国文化知识读本 | |
| 单 册: | ||
| 中图分类: | J722.214 , J722.215 | |
| 科图分类: | ||
| 主题词: | 龙舞--long wu--介绍--中国 , 狮子舞--shi zi wu--介绍--中国 | |
| 电子资源: | ||
| ISBN: | 978-7-5463-1700-7 | |
| 000 | 01083nam 2200313 45 | |
| 001 | 012001010298 | |
| 005 | 20191107105329.62 | |
| 010 | @a978-7-5463-1700-7@dCNY34.80 | |
| 099 | @aCAL 012010215292 | |
| 100 | @a20101008d2010 em y0chiy50 ea | |
| 101 | 0 | @achi |
| 102 | @aCN@b220000 | |
| 105 | @aa z 000yy | |
| 106 | @ar | |
| 200 | 1 | @a舞龙舞狮@Awu long wu shi@f主编金开诚@g编著李倩 |
| 205 | @a第2版 | |
| 210 | @a长春@c吉林文史出版社@d2018重印 | |
| 215 | @a120页@c图@d23cm | |
| 225 | 2 | @a中国文化知识读本@Azhong guo wen hua zhi shi du ben |
| 330 | @a本书共6章, 内容包括: 舞龙舞狮的概况 ; 舞龙舞狮的历史 ; 舞龙的民间传说 ; 各地不同的舞龙传统 ; 舞狮的民间传说 ; 各地不同的舞狮传统。 | |
| 410 | 0 | @12001@@a中国文化知识读本 |
| 606 | 0 | @a龙舞@Along wu@x介绍@y中国 |
| 606 | 0 | @a狮子舞@Ashi zi wu@x介绍@y中国 |
| 690 | @aJ722.214@v4 | |
| 690 | @aJ722.215@v4 | |
| 701 | 0 | @a金开诚,@AJin Kaicheng@f1932-2008@4主编@3CAL n2004273397#@7jt0yjt0y@7ec0yec0y |
| 702 | 0 | @a李倩@Ali qian@4编著 |
| 801 | 2 | @aCN@b上海新华@c20191020 |
| 905 | @b1136374-8@dJ722.214@e240=2@f5 | |
| 舞龙舞狮/主编金开诚/编著李倩.-第2版.-长春:吉林文史出版社,2018重印 |
| 120页:图;23cm.-(中国文化知识读本) |
| ISBN 978-7-5463-1700-7:CNY34.80 |
| 本书共6章, 内容包括: 舞龙舞狮的概况 ; 舞龙舞狮的历史 ; 舞龙的民间传说 ; 各地不同的舞龙传统 ; 舞狮的民间传说 ; 各地不同的舞狮传统。 |
| ● |
| 相关链接 |
|
|
|
|
正题名:舞龙舞狮
索取号:J722.214/240=2
 
预约/预借
| 序号 | 登录号 | 条形码 | 馆藏地/架位号 | 状态 | 备注 |
| 1 | 1136374 | 211363745 | 第一样本阅览室/ [索取号:J722.214/240=2] | 在馆 | |
| 2 | 1136375 | 211363754 | 第一借阅区/ [索取号:J722.214/240=2] | 在馆 | |
| 3 | 1136376 | 211363763 | 第一借阅区/ [索取号:J722.214/240=2] | 在馆 | |
| 4 | 1136377 | 211363772 | 第一借阅区/ [索取号:J722.214/240=2] | 在馆 | |
| 5 | 1136378 | 211363781 | 第一借阅区/ [索取号:J722.214/240=2] | 在馆 |